000 00451nam a2200169Ia 4500
008 230917s9999||||xx |||||||||||||| ||und||
020 _cRS8000
040 _e231140
_aMAIN
041 _aEnglish
082 _a332.10954 A51I
100 _aAhmad, Rais
245 0 _aIndian banking system. 6V
260 _aNew Delhi
_bMittal Publishers
_c2013
300 _aixi, 203 p.
500 _a3344 05/12/2018 MP17/G-XVI-1 28/05/2016 Main Budget
942 _cBK
999 _c29187
_d29187